| 000 | 00479nam a2200169Ia 4500 | ||
|---|---|---|---|
| 999 |
_c30184 _d30184 |
||
| 003 | OSt | ||
| 005 | 20200706112355.0 | ||
| 008 | 190216s9999||||xx |||||||||||||| ||und|| | ||
| 020 | _a9788126453726 | ||
| 040 | _coclc | ||
| 082 |
_a943.086092 _bHIT/M |
||
| 100 |
_aHitler, Adolf _93551 |
||
| 245 | 0 |
_aMein Kampf / _cAdolf Hitler |
|
| 260 |
_bD C Books Kerala, _c2018. _aKottayam: |
||
| 300 | _a720p | ||
| 942 |
_cBK _2ddc _h943.086092 _iHIT/M _k943.086092 _mHIT/M |
||